00747nam a2200229Ii 45000010005000000030009000050080041000140200015000550400033000700410008001030840013001111000026001242450034001502640040001843000012002243360026002363370028002623380027002909400050003179990017003679520133003848847CO-ViMGA241108s9999||||xx |||||||||||||| ||und|| a9802530557 aCO-ViMGAbspaerdacCO-ViMGA0 aspa aN DIP2ma1 aRafael Dipreco95140710aEl matrimonio de Amelia Lujan 1aCaracas, Venezuela : Fundarte, 1989 avolumen atextbtxt2rdacontent aunmediatedbn2rdamedia avolumebnc2rdacarrier aidficha_siabuc: 8648. -- ficha_no_siabuc:8847 c46134d46134 001040708012aMEVIGERRbMEVIGERRcLITd2006-11-27oN DIP2mapECA9236r2024-11-26 09:29:32tEj.1w2024-11-26yBKz8648 | 12099